La injuria verbal colectiva.
-д хадгалсан:
| Үндсэн зохиолч: | |
|---|---|
| Формат: | Ном |
| Хэл сонгох: | англи |
| Хэвлэсэн: |
Madrid, España:
Dykinson,
2007.
|
| Цуврал: | Colección Monografías de Derecho Romano. Sección Derecho Público y Privado Romano,
36. |
| Нөхцлүүд: | |
| Шошгууд: |
Шошго нэмэх
Шошго байхгүй, Энэхүү баримтыг шошголох эхний хүн болох!
|
MARC
| LEADER | 00000nam a22000007a 4500 | ||
|---|---|---|---|
| 003 | CL-VaPUC | ||
| 005 | 20220822114448.0 | ||
| 008 | 220401t2007 ||||| |||| 00| 0 eng d | ||
| 999 | |c 435246 |d 435244 | ||
| 020 | |a 978-84-9849-137-1 | ||
| 040 | |c Pontificia Universidad Católica de Valparaíso | ||
| 082 | 7 | |a 340.54 BRA 2007 |2 22 | |
| 100 | 1 | |a Bravo Bosch, María José |9 867885 | |
| 245 | |a La injuria verbal colectiva. | ||
| 260 | |a Madrid, España: |b Dykinson, |c 2007. | ||
| 300 | |a 267 páginas. | ||
| 490 | |a Colección Monografías de Derecho Romano. Sección Derecho Público y Privado Romano, |v 36. | ||
| 500 | |a c.1 Donación Familia Prof. Alejandro Guzmán Brito. | ||
| 505 | |a Capítulos: - I. Evolución histórica del delito de injurias. - II. Delimitación conceptual del ilícito edictal. - III. Legitimación. - IV. Condemnatio. | ||
| 583 | |c 20220401 |k Yessy Stephany Diaz Vidal | ||
| 650 | |a Injuria |x Delito |x Derecho romano |9 870009 | ||
| 942 | |2 ddc |c BK |n 0 | ||
| 952 | |0 0 |1 0 |2 ddc |4 0 |6 340_540000000000000_BRA_2007 |7 1 |8 C_AGB |9 582382 |a BIBDER |b BIBDER |d 2022-04-01 |e Donación |i 5650663 |o 340.54 BRA 2007 |p 5650663 |r 2023-01-25 |t 1 |w 2022-04-01 |y BK_US |k AGB | ||